<?xml version="1.0" encoding="UTF-8"?>
<record
    xmlns:xsi="http://www.w3.org/2001/XMLSchema-instance"
    xsi:schemaLocation="http://www.loc.gov/MARC21/slim http://www.loc.gov/standards/marcxml/schema/MARC21slim.xsd"
    xmlns="http://www.loc.gov/MARC21/slim">

  <leader>01487nam a22001817a 4500</leader>
  <controlfield tag="008">190829b        xxu||||| |||| 00| 0 eng d</controlfield>
  <datafield tag="020" ind1=" " ind2=" ">
    <subfield code="a">9781408032299</subfield>
  </datafield>
  <datafield tag="050" ind1=" " ind2=" ">
    <subfield code="a">HF3881.M2765(2e)</subfield>
  </datafield>
  <datafield tag="100" ind1=" " ind2=" ">
    <subfield code="a">Madura, Jeff.</subfield>
  </datafield>
  <datafield tag="245" ind1=" " ind2=" ">
    <subfield code="a">International financial management. /</subfield>
    <subfield code="c">Jeff Madura and Roland Fox.</subfield>
  </datafield>
  <datafield tag="250" ind1=" " ind2=" ">
    <subfield code="a">2nd ed.</subfield>
  </datafield>
  <datafield tag="260" ind1=" " ind2=" ">
    <subfield code="a">Andover :</subfield>
    <subfield code="b">South-Western/ Cengage Learning,</subfield>
    <subfield code="c">2011.</subfield>
  </datafield>
  <datafield tag="300" ind1=" " ind2=" ">
    <subfield code="a">xxiii, 680 p. :</subfield>
    <subfield code="b">ill. ;</subfield>
    <subfield code="c">26 cm.</subfield>
  </datafield>
  <datafield tag="500" ind1=" " ind2=" ">
    <subfield code="a">Includes appendix and index.</subfield>
  </datafield>
  <datafield tag="505" ind1=" " ind2=" ">
    <subfield code="a">Contents: Part I: The international financial environment: Multinational financial management: an overview -- International flow of funds -- International financial markets -- Exchange rate determination -- Currency derivatives -- Part II: Exchange rate behaviour: Exchange rate history and the role of governments: Intermational arbitrage and interest rate parity -- Relationships among inflation, interest rates and exchange rates -- Part III: Exchange rate risk management: Forecasting exchange rates -- Measuring exposure to exchange rate fluctuations -- Managing transaction exposure -- Managing economic exposure and translation exposure -- Part IV: Long-term asset and liability management: Foreign direct investment -- Multinational capital budgeting -- Country risk analysis -- Long-term financial -- Part V: Short-term asset and liability management -- Financial international trade -- Short-term financing -- International cash management.</subfield>
  </datafield>
  <datafield tag="700" ind1=" " ind2=" ">
    <subfield code="a">Fox, Roland.</subfield>
  </datafield>
  <datafield tag="942" ind1=" " ind2=" ">
    <subfield code="2">lcc</subfield>
    <subfield code="c">BK</subfield>
  </datafield>
  <datafield tag="999" ind1=" " ind2=" ">
    <subfield code="c">6922</subfield>
    <subfield code="d">14422</subfield>
  </datafield>
  <datafield tag="952" ind1=" " ind2=" ">
    <subfield code="0">0</subfield>
    <subfield code="1">0</subfield>
    <subfield code="2">lcc</subfield>
    <subfield code="4">0</subfield>
    <subfield code="7">0</subfield>
    <subfield code="a">WIUC-KL</subfield>
    <subfield code="b">WIUC-KL</subfield>
    <subfield code="c">GEN</subfield>
    <subfield code="d">2019-10-30</subfield>
    <subfield code="o">HF3881.M27(2e)</subfield>
    <subfield code="p">K/944/944/19</subfield>
    <subfield code="r">2021-07-12 00:00:00</subfield>
    <subfield code="t">1</subfield>
    <subfield code="w">2021-07-12</subfield>
    <subfield code="y">BK</subfield>
  </datafield>
  <datafield tag="952" ind1=" " ind2=" ">
    <subfield code="0">0</subfield>
    <subfield code="1">0</subfield>
    <subfield code="2">lcc</subfield>
    <subfield code="4">0</subfield>
    <subfield code="7">0</subfield>
    <subfield code="a">WIUC-KL</subfield>
    <subfield code="b">WIUC-KL</subfield>
    <subfield code="c">GEN</subfield>
    <subfield code="d">2019-10-30</subfield>
    <subfield code="o">HF3881.M271(2e)</subfield>
    <subfield code="p">K/945/945/19</subfield>
    <subfield code="r">2021-07-12 00:00:00</subfield>
    <subfield code="t">2</subfield>
    <subfield code="w">2021-07-12</subfield>
    <subfield code="y">BK</subfield>
  </datafield>
  <datafield tag="952" ind1=" " ind2=" ">
    <subfield code="0">0</subfield>
    <subfield code="1">0</subfield>
    <subfield code="2">lcc</subfield>
    <subfield code="4">0</subfield>
    <subfield code="7">0</subfield>
    <subfield code="a">WIUC-KL</subfield>
    <subfield code="b">WIUC-KL</subfield>
    <subfield code="c">GEN</subfield>
    <subfield code="d">2019-10-30</subfield>
    <subfield code="o">HF3881.M272(2e)</subfield>
    <subfield code="p">K/946/946/19</subfield>
    <subfield code="r">2021-07-12 00:00:00</subfield>
    <subfield code="t">3</subfield>
    <subfield code="w">2021-07-12</subfield>
    <subfield code="y">BK</subfield>
  </datafield>
  <datafield tag="952" ind1=" " ind2=" ">
    <subfield code="0">0</subfield>
    <subfield code="1">0</subfield>
    <subfield code="2">lcc</subfield>
    <subfield code="4">0</subfield>
    <subfield code="7">0</subfield>
    <subfield code="a">WIUC-KL</subfield>
    <subfield code="b">WIUC-KL</subfield>
    <subfield code="c">GEN</subfield>
    <subfield code="d">2019-10-31</subfield>
    <subfield code="o">HF3881.M273(2e)</subfield>
    <subfield code="p">K/1115/1115/19</subfield>
    <subfield code="r">2021-07-12 00:00:00</subfield>
    <subfield code="t">4</subfield>
    <subfield code="w">2021-07-12</subfield>
    <subfield code="y">BK</subfield>
  </datafield>
  <datafield tag="952" ind1=" " ind2=" ">
    <subfield code="0">0</subfield>
    <subfield code="1">0</subfield>
    <subfield code="2">lcc</subfield>
    <subfield code="4">0</subfield>
    <subfield code="7">0</subfield>
    <subfield code="a">WIUC-1</subfield>
    <subfield code="b">WIUC-1</subfield>
    <subfield code="c">REF</subfield>
    <subfield code="d">2019-08-29</subfield>
    <subfield code="o">HF3881.M2765(2e)</subfield>
    <subfield code="r">2023-06-16 00:00:00</subfield>
    <subfield code="t">1</subfield>
    <subfield code="w">2019-08-29</subfield>
    <subfield code="y">BK</subfield>
  </datafield>
  <datafield tag="952" ind1=" " ind2=" ">
    <subfield code="0">0</subfield>
    <subfield code="1">0</subfield>
    <subfield code="2">lcc</subfield>
    <subfield code="4">0</subfield>
    <subfield code="7">0</subfield>
    <subfield code="a">WIUC-1</subfield>
    <subfield code="b">WIUC-1</subfield>
    <subfield code="c">GEN</subfield>
    <subfield code="d">2023-06-16</subfield>
    <subfield code="o">HF3881.M27651(2e)</subfield>
    <subfield code="p">9398/099/23</subfield>
    <subfield code="r">2023-06-16 00:00:00</subfield>
    <subfield code="t">2</subfield>
    <subfield code="w">2019-08-29</subfield>
    <subfield code="y">BK</subfield>
  </datafield>
  <datafield tag="952" ind1=" " ind2=" ">
    <subfield code="0">0</subfield>
    <subfield code="1">0</subfield>
    <subfield code="2">lcc</subfield>
    <subfield code="4">0</subfield>
    <subfield code="7">0</subfield>
    <subfield code="a">WIUC-1</subfield>
    <subfield code="b">WIUC-1</subfield>
    <subfield code="c">GEN</subfield>
    <subfield code="d">2023-06-16</subfield>
    <subfield code="o">HF3881.M27652(2e)</subfield>
    <subfield code="p">9399/100/23</subfield>
    <subfield code="r">2023-06-16 00:00:00</subfield>
    <subfield code="t">3</subfield>
    <subfield code="w">2023-06-16</subfield>
    <subfield code="y">BK</subfield>
  </datafield>
  <datafield tag="952" ind1=" " ind2=" ">
    <subfield code="0">0</subfield>
    <subfield code="1">0</subfield>
    <subfield code="2">lcc</subfield>
    <subfield code="4">0</subfield>
    <subfield code="7">0</subfield>
    <subfield code="a">WIUC-1</subfield>
    <subfield code="b">WIUC-1</subfield>
    <subfield code="c">GEN</subfield>
    <subfield code="d">2023-06-16</subfield>
    <subfield code="o">HF3881.M27653(2e)</subfield>
    <subfield code="p">9400/101/23</subfield>
    <subfield code="r">2023-06-16 00:00:00</subfield>
    <subfield code="t">4</subfield>
    <subfield code="w">2023-06-16</subfield>
    <subfield code="y">BK</subfield>
  </datafield>
</record>
